MDQL
is popping MORE tags! Check the
thread
!
Quizzes
Events
Quiz Creation
Community
Videos
Private Events
Remove Ads
Sign In
Join for FREE
Feedback
Dark Mode
Quiz Categories
Sports
Geography
Music
Movies
Television
Just For Fun
Miscellaneous
History
Literature
Language
Science
Gaming
Entertainment
Religion
Holiday
For Kids
Quiz Lab
Recent
Popular Today
Quiz Kudos Today
Editor Picks
Curator Picks
Quizzes by...
Day
Popularity
Type
Ratings
Length
Year
Community
Subscriptions
Recent Discussions
Orange Saloon
Badges
Playlists
Quests
Create
Leaderboards
Showdown
Live 5
Trivia Bingo
Activity
Puzzle Library
Sporcle Events
Private Events
Virtual Trivia
Globe League
Become a Host
Pub Owners
SporcleCon
Opinionation
Our Games
Videos
Blog
Mobile Apps
Partnerships
Remove Ads and Go Orange
Feedback
Language
Vocabulary
Begins and Ends
Definition
Spanish
French
German
Italian
Chinese
Latin
Translation
Japanese
Language
Vocabulary
Begins and Ends
Definition
Spanish
French
German
Italian
Chinese
Latin
Translation
Japanese
Random Quiz
Search Sporcle
×
Quiz Lab
Quiz Lab
Language
Vocabulary
Type in answers that appear in a list
Type in answers that appear in a list
Classic
Best Score? Go Orange.
Vocabulary 101 - Word Bank Stats
Can you name the words from the given definitions?
By
sundevil63
8m
19 Questions
36 Plays
36 Plays
36 Plays
Comments
Comments
Give Quiz Kudos
Give Quiz Kudos
-
- Ratings
hide this ad
More Info
Forced Order
Answers have to be entered in order
Answers have to be entered in order
Random Order
Randomize order of answers
Randomize order of answers
Replay
Link that replays current quiz
Next Quiz
Link to next quiz in quiz playlist
You Got
0%
They Got
Avg Score
70%
Avg Friend Score
Upgrade to see
Score Distribution
Jump to the score distribution portion of the page
Score
0/19
Timer
08:00
0
Plays Today
Definitions
Word
% Correct
attractive and fashionable; stylish
chic
88.9%
desire to inflict injury, harm, or suffering on another, either because of a hostile impulse or out of deep-
seated meanness
malice
80.6%
likely to change, esp. due to caprice, irresolution, or instability; casually changeable: Not constant
fickle
80.6%
a death blow intended to end the suffering of a wounded creature. The phrase can refer to killing civilians or soldiers, friends or enemies and with or without their consent
coup de grace
80.6%
a novice
tyro
80.6%
acknowledged; declared
avowed
80.6%
to renounce or relinquish a throne, right, power, claim, responsibility, or the like, esp. in a formal manner
abdicate
80.6%
having or showing little or no emotion
apathetic
77.8%
characterized by or showing goodwill; friendly; peaceable
amicable
77.8%
to try to equal or excel; imitate with effort to equal or surpass
emulate
77.8%
Definitions
Word
% Correct
a feeling of uneasiness or anxiety of the conscience caused by regret for doing wrong or causing pain; contrition; remorse.
compunction
75%
to scatter or spread widely, as though sowing seed; promulgate extensively; broadcast; disperse:
disseminate
75%
to place in an isolated situation or condition; segregate
insulate
75%
by, of, for, or in itself; intrinsically. Essentially
perse
72.2%
utterly hopeless, miserable, humiliating, or wretched
abject
72.2%
a rapid and often excessive spread or increase
proliferation
72.2%
showing or expressive of gentleness or kindness
benign
72.2%
to come into or acquire (some consequence, usually undesirable or injurious)
incur
72.2%
to denounce or berate severely; flay verbally:
excoriate
63.9%
Quiz Playlist
Details
Report
Send in Message
Add To Playlist
More Info:
Perse, Fickle, Coup de Grace, Tyro, Amicable, Excoriate, Compunction, Avowed, Abject, Abdicate, Disseminate, Proliferation, Emulate, Benign, Chic, Incur, Insulate, Apathetic, Malice
Classic:
Type in answers that appear in a list
Forced Order:
Answers have to be entered in order
Random Order:
Randomize order of answers
Last Updated: Feb 16, 2017
Quiz Scoreboard
CHALLENGE
Sign Up to Join the Scoreboard
Show All
Scores
Hide
Comments
May contain spoilers
Recently Published
Colored Red Africa Blitz
by spor1
Geography
30s
Find the 'City' Movie
by crazypaving
Movies
60s
5x2 Blitz: Bands
by SL_Kpop136
Music
30s
More to Explore
Quiz From the Vault
Featured Blog Post
14 Easter Pick-up Lines to Find Eggs With
hide this ad
You Might Also Like...
Tags
Definition Quiz
Vocabulary Quiz
101
bank
Today's Top Quizzes in Language
Browse Language
hide this ad
Today's Top Quizzes in Vocabulary
Browse Vocabulary
Top Contributed Quizzes in Language
1
1-10 Letter F Words III
2
1-10 Letter G Words III
3
1-10 Letter H Words III
4
1-10 Letter I Words III
5
1-10 Letter K Words III
6
1-10 Letter L Words III
7
1-10 Letter M Words III
8
1-10 Letter J Words III
9
1-10 Letter N Words III
10
Greek Alphabet Match
Explore More
Trending Topics
NBA
Marvel
Anime
Kpop
Harry Potter
Disney
Crossword
Soccer
NFL
WWE
Puzzle
Pokémon
Country
Song
The Office
hide this ad
More By:
sundevil63
Quiz
Plays
Rating
Category
Featured
Created
How well do you know your ION Stations?
41
3.00
Television
Jan 12, 2010
Vocabulary 101 - Word Bank
36
5.00
Language
Jan 29, 2010
Go to Creator's Profile
Score Distribution
Quiz Creator Spotlight
sundevil63
Follow
Send a Message
Quizzes Created
-
Created Quiz Play Count
-
More By This Creator
Popular Quizzes Today
1
Find the 'City' Movie
2
Colored Red Africa Blitz
3
Find the US States - No Outlines Minefield
4
5x2 Blitz: Bands
5
The Countries of the World
6
Find the US States
7
US States
8
9x9 Crossword: Cartoon Network
More Language Quizzes
1-10 Letter K Words
Published
Trending Quizzes
Colored Red Europe Blitz I
Colored Red Africa Blitz II
Colored Red Europe Blitz II
Colored Red Africa Blitz III
Colored Red Europe Blitz III
Recently Updated
2024 March Madness Bracket
pecheneg
Famous TV Couples
Peacemaker
Champions League XIs: Real Madrid
pecheneg
Largest US Cities 1790-2010
pecheneg
Rides in Walt Disney World
pecheneg
Most Oscar Losses (Acting)
pecheneg
Beyoncé Albums
pecheneg
Leaping Animals
pecheneg
Reality TV Shows (A-Z)
bhenderson79
Rickey Henderson's Hall of Fame Teammates
pecheneg
Trending Topics
Anime
Disney
NBA
Crossword
Marvel
Kpop
Harry Potter
Soccer
WWE
Puzzle
Country
NFL
The Office
Song
Pokémon
Your Account Isn't Verified!
In order to create a playlist on Sporcle, you need to verify the email address you used during registration. Go to your
Sporcle Settings
to finish the process.
Report this User
Report this user for behavior that violates our
Community Guidelines
.
Details:
Send Report
Go to the Sporcle.com Mobile Site →
Comments